| 000 | 00436nam a2200181Ia 4500 | ||
|---|---|---|---|
| 001 | 3045 | ||
| 005 | 20260306144851.0 | ||
| 008 | 260306t2006||||xx |||||||||||||| ||spa|| | ||
| 041 | _aESP | ||
| 082 |
_a245.43 _bB44 |
||
| 100 |
_aBenedicto XVI, Papa _eAUT |
||
| 245 | 0 |
_aDeus caritas est: _bsobre el amor cristiano |
|
| 260 | _c2006 | ||
| 300 |
_a74 páginas : _c20 cm. |
||
| 650 | _aGEN | ||
| 654 | _aCHU | ||
| 942 |
_cLIB _dJUS _fJUS _2ddc _n |
||
| 999 |
_c3045 _d3045 |
||